000 00784nam a2200205 i 4500
001 29181
003 ES-MaACL
005 20230906154003.0
007 t|
008 030121s1870 sp ||||1| spa d
100 1 _aBardon y Gómez, Lázaro.
_925596
245 1 0 _aViaje a Egypto con motivo de la apertura del Canal de Suez y excursión al mediodia de Italia /
_cpor Lázaro Bardon y Gómez.
260 _aMadrid :
_bR. Labajos,
_c1870.
300 _aXIV, 224 p. ;
_c18 cm.
530 _aDisponible también en sitio web.
651 4 _aEgipto-
_xDescripción.
_98141
651 _aItalia-
_xDescripción.
_98861
852 _aES-MaACL
_jD-1049
856 _uhttp://bibliotecadigitalhispanica.bne.es:80/webclient/DeliveryManager?pid=1841887&custom_att_2=simple_viewer
_zIr a la página
999 _c29181
_d29181